| 000 | 00976cam a22002658a 4500 | ||
|---|---|---|---|
| 001 | 015995667 | ||
| 003 | OSt | ||
| 005 | 20140319154213.0 | ||
| 008 | 111219t2010 xxkad frbf 001 0 eng d | ||
| 020 | _a9780857931436 | ||
| 082 | 0 | 4 |
_a658.421082 _222 _bINT |
| 245 | 0 | 0 |
_aInternational research handbook on successful women entrepreneurs / _cedited by Sandra L. Fielden, Marilyn Davidson. |
| 260 |
_aCheltenham, United Kingdom ; _aNorthampton, United State : _bEdward Elgar, _cc.2010 _f(MPG Books Group) |
||
| 300 |
_axiv, 242 p. : _bcharts, tables ; _c25 cm. |
||
| 490 | 0 | _aElgar original reference | |
| 500 | _aIndex : p. 231-242. | ||
| 504 | _aIncludes bibliographical references. | ||
| 650 | 0 |
_aWomen-owned business enterprises _935707 |
|
| 650 | 0 |
_aBusinesswomen _935708 |
|
| 653 |
_bENGGEN _cMarch2014 |
||
| 655 |
_vreading book _934232 |
||
| 700 | 1 |
_aFielden, Sandra L. _eeditor. _935710 |
|
| 700 | 1 |
_aDavidson, Marilyn. _eeditor. _935711 |
|
| 942 |
_2ddc _k658.421082 INT |
||
| 999 |
_c18132 _d18104 |
||